00362nam a2200121Ia 4500008004100000245010100041260001700142260000900159300000800168650002300176650001200199856002900211170516s9999 xx 000 0 und d aGene Silencing of Human Neuronal Cells for Drug Addiction Therapy using Anisotropic Nanocrystals bTheranostics c2012 a2:7 xMedical Technology xMedtech uhttp://www.thno.org/v2i7